| 000 | 00364nam a22001331 4500 | ||
|---|---|---|---|
| 082 |
_a625 _bDES _cL-18, P-18 |
||
| 100 |
_aDeshpande _943532 |
||
| 245 | 0 | 0 |
_aRoads, railways bridges and tunnels _bDeshpande |
| 300 |
_a452 p. _c24 cm. |
||
| 500 | _a"Golden jubilee, 1909-1959." | ||
| 526 |
_a0 _b0 _c0 _d625_000000000000000_DES |
||
| 650 | 0 |
_aMCE _9379 |
|
| 942 |
_2ddc _cBK |
||
| 999 |
_c547328 _d547328 |
||